Meranie volatility kapitálového trhu
Volatilita s obchodovanými akciami a zmeny očakávaného budúceho vývoja. Štatistické metódy a nástroje merania volatility. Indikátory aktuálnej situácie na trhu a indexy volatility - Volatility Index (VIX).
Salvato in:
| Autore principale: | |
|---|---|
| Altri autori: | |
| Natura: | Capitolo di libro |
| Lingua: | slovacco |
| Soggetti: | |
| Tags: |
Nessun Tag, puoi essere il primo ad aggiungerne!!
|
MARC
| LEADER | 00000naa$a2200000$$$4500 | ||
|---|---|---|---|
| 001 | 0190493 | ||
| 005 | 20240502083442.7 | ||
| 041 | 0 | |a slo | |
| 044 | |a CZ | ||
| 245 | 1 | 0 | |a Meranie volatility kapitálového trhu |c Peter Badura, Miroslav Kmeťko |
| 520 | |a Volatilita s obchodovanými akciami a zmeny očakávaného budúceho vývoja. Štatistické metódy a nástroje merania volatility. Indikátory aktuálnej situácie na trhu a indexy volatility - Volatility Index (VIX). | ||
| 610 | 2 | 0 | |a trh kapitálový |
| 610 | 2 | 0 | |a stratégia investičná |
| 610 | 2 | 0 | |a burzovníctvo |
| 610 | 2 | 0 | |a indexy burzové |
| 610 | 2 | 0 | |a indexy akciové |
| 610 | 2 | 0 | |a volatilita |
| 610 | 2 | 0 | |a meranie |
| 610 | 2 | 0 | |a výnosy |
| 100 | 1 | |a Badura, Peter, 1978- | |
| 700 | 1 | |a Kmeťko, Miroslav, 1969- | |